000 00350nam a22001217a 4500
008 180605b xxu||||| |||| 00| 0 eng d
041 _aeng
080 _a043.3
100 _a0
101 _aSHKI-BA
245 _aKombinimi i pajisjeve me tela (wired) dhe pa tela (wireless) per realizimin te kombinuar brenda kampuseve
_cBerisha, D
942 _2udc
_cBK
999 _c46337
_d46337